00473nam a2200145Ia 4500008004100000041000800041082001200049100001400061245004400075260003800119300002400157365001100181999001700192952011800209240624s9999 xx 000 0 und d aeng a828 ZAI aZAIDI S H aMAFIA QUEENS OF MUMBAI STORIES OF WOMEN c2011aNew DelhibTranquebar Press a290 : p. : cm. ; 20 cRSb25 c17345d17345 00104070aIMTNbIMTNcRack 43-Ad2011-07-04eAPg250.00o828 ZAIp17345r2024-06-24 00:00:00t1w2024-06-24yBK